|
|
|
|
| LEADER |
02496nkm a2200529 a 4500 |
| 001 |
mzk03001060145 |
| 003 |
CZ BrMZK |
| 005 |
20130419100316.0 |
| 007 |
kj bo| |
| 008 |
080212s1654 gw ||| f || k|gerod |
| 034 |
0 |
|
|a a
|d E0092152
|e E0092324
|f N0524737
|g N0524640
|
| 040 |
|
|
|a BOA001
|b cze
|
| 043 |
|
|
|a e-gx---
|
| 072 |
|
7 |
|a 76
|x Grafické umění. Grafika
|2 Konspekt
|9 21
|
| 080 |
|
|
|a (0.026.6)76
|2 MRF
|
| 080 |
|
|
|a (084.1)
|2 MRF
|
| 080 |
|
|
|a (430.117)
|2 MRF
|
| 080 |
|
|
|a 912.43:069.5
|2 MRF
|
| 100 |
1 |
|
|a Buno, Konrad,
|d 1613-1671
|7 mzk2009528260
|4 aut
|
| 245 |
1 |
0 |
|a Rethem. F. B. L. Ambthauss vnd Stättlein An der Aller
|h [grafika] /
|c Conr: Buno Delineavit
|
| 246 |
3 |
|
|a Rethem (Aller)
|h [grafika]
|
| 255 |
|
|
|a Měřítko neuvedeno
|c (009°21´52" v.d.--009°23´24" v.d./052°47´37" s.š.--052°46´40" s.š.)
|
| 260 |
|
|
|a [Frankfurt am Main :
|b Merian,
|c 1654]
|
| 300 |
|
|
|a 1 grafický list :
|b mědirytina, podlepená papírem ;
|c 13 x 35 cm na listu 30 x 36 cm
|
| 500 |
|
|
|a Podlepeno papírem o velikosti 57 x 65 cm
|
| 500 |
|
|
|a Původně součást Merianova souboru "Topographia und Eigentliche Beschreibung Der Vornembsten Stäte, Schlösser auch anderer Plätze und Örter in denen Hertzogthümern Braunschweig und Lüneburg"
|
| 501 |
|
|
|a Obsahuje: Přívazek Stoltzenaw In der Graffschafft Hoya / [Merian]
|
| 505 |
2 |
0 |
|t Stiege. F. B. L. Ambthauss Auff dem Hartz.
|g 15 x 36 cm. (010°52´26" v.d.--010°54´01" v.d./051°40´28" s.š.--051°39´28" s.š.)
|
| 510 |
3 |
|
|a IKAR
|
| 510 |
4 |
|
|a Kuchař, K. Mapová sbírka B.P. Molla,
|c s. 423
|
| 655 |
|
7 |
|a grafické listy
|7 fd132404
|2 czenas
|
| 655 |
|
7 |
|a veduty
|7 fd133805
|2 czenas
|
| 650 |
0 |
4 |
|a Mollova mapová sbírka
|
| 650 |
0 |
7 |
|a mapové sbírky
|z Česko
|7 ph182407
|2 czenas
|
| 610 |
2 |
7 |
|a Moravská zemská knihovna (Brno, Česko).
|b Mapová sbírka B.P. Molla
|7 mzk2005304487
|2 czenas
|
| 651 |
|
7 |
|a Dolní Sasko (Německo)
|7 ge129048
|2 czenas
|
| 700 |
1 |
|
|a Buno, Konrad,
|d 1613-1671
|7 mzk2009528260
|4 ill
|
| 856 |
4 |
1 |
|u http://mapy.mzk.cz/mzk03/001/060/145/2619268161_02
|y Digitalizovaný dokument
|
| 856 |
4 |
1 |
|u http://mapy.mzk.cz/mzk03/001/060/145/2619268161_01
|y Digitalizovaný dokument
|
| 903 |
|
|
|a RP
|
| 910 |
|
|
|a BOA001
|b Moll-0005.391
|
| 978 |
|
|
|b Merian, Matthäus - dědici
|a Frankfurt a.M.
|c 1654
|
| 984 |
|
|
|a Frankfurt nad Mohanem
|b Německo
|
| 985 |
|
|
|a 1651-1700
|
| 990 |
|
|
|a GP
|
| 991 |
|
|
|k mzk
|
| 994 |
|
|
|a DN
|l MZK03
|b 001060147
|m záznam 1. díla (pro objednání pokračujte kliknutím)
|n přívazek
|